| 000 | 00433nam a2200217Ia 4500 | ||
|---|---|---|---|
| 003 | IT-RoPAU | ||
| 008 | 120407s9999 xx 000 0 und d | ||
| 040 | _aIT-RoPAU | ||
| 040 | _cIT-RoPAU | ||
| 041 | _aita | ||
| 100 | _aJacques Maritain | ||
| 245 | _aHumanisme integral | ||
| 250 | _aParis | ||
| 260 | _aAubier | ||
| 260 | _c1936 | ||
| 300 | _a336 p. | ||
| 300 | _c19 cm | ||
| 490 | _v1 | ||
| 942 | _cBK | ||
| 999 |
_c32902 _d32902 |
||